[Event "Bolton 4NCL op-A 4th"]
[Site "Bolton"]
[Date "2015.09.12"]
[Round "2.12"]
[White "Talbot, Mark"]
[Black "Snook Lumb, Chris"]
[Result "1/2-1/2"]
[WhiteElo "2019"]
[BlackElo "1664"]
[PlyCount "116"]
[EventDate "2015.09.11"]
[EventType "swiss"]
[EventRounds "5"]
[EventCountry "ENG"]
[SourceTitle "EXT 2023"]
[Source "ChessBase"]
[SourceDate "2022.10.05"]
[SourceVersion "1"]
[SourceVersionDate "2022.10.05"]
[SourceQuality "1"]

1. c4 e6 2. g3 f5 3. Bg2 Nf6 4. d4 d5 5. Nh3 c6 6. 0-0 Be7 7. Nc3 0-0 8. b3 Qe8 9. Bb2 Nh5 10. e3 Nd7 11. Nf4 Nxf4 12. gxf4 Nf6 13. Qf3 Kh8 14. Rac1 Rg8 15. Ne2 Ne4 16. Rfd1 g5 17. Ng3 gxf4 18. Qxf4 Bd6 19. Qf3 Qg6 20. Kh1 Bd7 21. Rg1 Nxg3+ 22. fxg3 Qh6 23. Bf1 Rg5 24. Rc2 Rag8 25. Rcg2 Be8 26. Qf2 Bh5 27. Bc1 R5g7 28. Bd3 Bg4 29. e4 Qh5 30. e5 Bc7 31. Be2 dxc4 32. bxc4 Ba5 33. Bb2 f4 34. Bxg4 Rxg4 35. gxf4 Rxg2 36. Rxg2 Rxg2 37. Kxg2 Qg4+ 38. Kf1 Qd1+ 39. Kg2 Be1 40. Qf3 Qd2+ 41. Kf1 Bh4 42. Qe2 Qxf4+ 43. Kg2 Be7 44. Qf2 Qg4+ 45. Kf1 Kg7 46. Qg2 h5 47. h3 Qxg2+ 48. Kxg2 Kg6 49. Kf3 Kf5 50. Bc3 b6 51. Bb2 a6 52. Bc3 c5 53. d5 b5 54. d6 Bd8 55. Bb2 b4 56. a4 a5 57. Ba1 b3 58. Bb2 Bg5 1/2-1/2

[Event "BCF-ch Week2 AM op"]
[Site "Coventry"]
[Date "2015.08.06"]
[Round "4"]
[White "Bryant, Richard BE"]
[Black "Snook Lumb, Chris"]
[Result "1-0"]
[WhiteElo "1947"]
[BlackElo "1664"]
[PlyCount "108"]
[EventDate "2015.08.03"]
[EventType "swiss"]
[EventRounds "5"]
[EventCountry "ENG"]
[SourceTitle "CBM 167 Extra"]
[Source "ChessBase"]
[SourceDate "2015.09.14"]
[SourceVersion "1"]
[SourceVersionDate "2015.09.14"]
[SourceQuality "1"]

1. e4 e6 2. d4 d5 3. Nc3 Bb4 4. e5 c5 5. a3 Ba5 6. b4 cxd4 7. Nb5 Bc7 8. Nf3 Nc6 9. Bf4 Nge7 10. Nbxd4 Nxd4 11. Qxd4 Bb6 12. Qd2 Bd7 13. Bd3 a6 14. a4 Rc8 15. 0-0 Qc7 16. Ra3 d4 17. Bg3 Nd5 18. Qg5 g6 19. a5 Ba7 20. Rb3 Bb5 21. Nd2 Bxd3 22. cxd3 h6 23. Qg4 Qc2 24. Qd1 Ne3 25. Qxc2 Rxc2 26. Ne4 Nxf1 27. Nd6+ Kd7 28. Kxf1 Rc3 29. Rxc3 dxc3 30. Ke1 Kc6 31. Kd1 Kd5 32. f3 b5 33. Nxf7 Rh7 34. Nd6 Rc7 35. Kc2 Kd4 36. Ne4 Ke3 37. Bf2+ Ke2 38. Bxa7 Rxa7 39. Nc5 Kf2 40. Nxe6 Re7 41. Nc5 Rxe5 42. Nxa6 Kxg2 43. Nc7 Kxf3 44. a6 Re2+ 45. Kxc3 Ra2 46. Kd4 Rxh2 47. Kc5 g5 48. Kxb5 g4 49. a7 Ra2 50. Na6 g3 51. a8Q+ Kf2 52. Qf8+ Ke1 53. Qxh6 g2 54. Qg6 Kf1 1-0

[Event "BCF-ch Week1 PM op"]
[Site "Coventry"]
[Date "2015.07.30"]
[Round "4"]
[White "Golding, James"]
[Black "Snook Lumb, Chris"]
[Result "0-1"]
[WhiteElo "1811"]
[BlackElo "1664"]
[PlyCount "62"]
[EventDate "2015.07.27"]
[EventType "swiss"]
[EventRounds "5"]
[EventCountry "ENG"]
[SourceTitle "EXT 2016"]
[Source "ChessBase"]
[SourceDate "2015.10.08"]
[SourceVersion "1"]
[SourceVersionDate "2015.10.08"]
[SourceQuality "1"]

1. d4 e6 2. c4 f5 3. Nf3 Nf6 4. g3 d5 5. Nbd2 c6 6. Bg2 Bd6 7. 0-0 0-0 8. Rb1 b6 9. b4 Nbd7 10. Qb3 Qe8 11. Ne1 f4 12. Nd3 fxg3 13. hxg3 Qh5 14. Re1 Ng4 15. Nf1 Bb7 16. Bf4 Bxf4 17. Nxf4 Qf7 18. cxd5 cxd5 19. Bh3 g5 20. Qf3 gxf4 21. Qxg4+ Kh8 22. Qxe6 fxg3 23. Qxf7 Rxf7 24. Nxg3 Re8 25. Nf5 Nf6 26. Nd6 Rg7+ 27. Kh1 Rf8 28. Nxb7 Ne4 29. f3 Nf2+ 30. Kh2 Nxh3 31. Kxh3 Rf6 0-1

[Event "South Wales op 11th"]
[Site "Cardiff"]
[Date "2014.08.25"]
[Round "3"]
[White "Menadue, Jeremy FS"]
[Black "Snook Lumb, Chris"]
[Result "1-0"]
[WhiteElo "2117"]
[BlackElo "1574"]
[PlyCount "31"]
[EventDate "2014.08.25"]
[EventType "swiss"]
[EventRounds "9"]
[EventCountry "WLS"]
[SourceTitle "CBM 162 Extra"]
[Source "ChessBase"]
[SourceDate "2014.10.17"]
[SourceVersion "1"]
[SourceVersionDate "2014.10.17"]
[SourceQuality "1"]

1. d4 f5 2. Nf3 Nf6 3. h3 e6 4. g4 fxg4 5. hxg4 Nxg4 6. Qd3 Nf6 7. Ng5 Qe7 8. Rxh7 Nxh7 9. Qg6+ Kd8 10. Nf7+ Qxf7 11. Qxf7 Nc6 12. Qh5 Be7 13. c3 b6 14. Bg2 Ba6 15. b4 Bb7 16. Be4 1-0

[Event "BCF-ch Major op"]
[Site "Aberystwyth"]
[Date "2014.07.27"]
[Round "6"]
[White "Snook Lumb, Chris"]
[Black "Bullock, Lee"]
[Result "1-0"]
[WhiteElo "1569"]
[BlackElo "1510"]
[PlyCount "64"]
[EventDate "2014.07.21"]
[EventType "swiss"]
[EventRounds "11"]
[EventCountry "WLS"]
[SourceTitle "EXT 2017"]
[Source "ChessBase"]
[SourceDate "2016.10.25"]
[SourceVersion "1"]
[SourceVersionDate "2016.10.25"]
[SourceQuality "1"]

1. c4 Nf6 2. g3 e5 3. e4 Bc5 4. Nc3 d6 5. Nge2 Bxf2+ 6. Kxf2 Ng4+ 7. Kg2 h5 8. h3 Nf6 9. d3 Be6 10. Bg5 c6 11. Ng1 Nbd7 12. d4 exd4 13. Qxd4 Qc7 14. Nf3 0-0-0 15. Qxa7 Nb6 16. Be3 c5 17. Nd5 Bxd5 18. exd5 Kd7 19. Qa3 Ne4 20. Qd3 f5 21. Ng5 Rhe8 22. Ne6 Rxe6 23. dxe6+ Ke7 24. Bf2 Qc6 25. Qf3 g5 26. Bd3 Rf8 27. Kg1 g4 28. hxg4 hxg4 29. Bxe4 fxe4 30. Qxe4 Nxc4 31. Rh7+ Ke8 32. Qg6+ Kd8 1-0

[Event "Sunningdale e2e4 U1800 op 04"]
[Site "Sunningdale"]
[Date "2014.04.20"]
[Round "6"]
[White "Snook Lumb, Chris"]
[Black "Crouch, Timothy J"]
[Result "1-0"]
[WhiteElo "1572"]
[BlackElo "1616"]
[PlyCount "84"]
[EventDate "2014.04.17"]
[EventType "swiss"]
[EventRounds "7"]
[EventCountry "ENG"]
[SourceTitle "EXT 2015"]
[Source "ChessBase"]
[SourceDate "2014.11.20"]
[SourceVersion "1"]
[SourceVersionDate "2014.11.20"]
[SourceQuality "1"]

1. c4 Nf6 2. Nc3 e5 3. g3 c6 4. Bg2 Be7 5. e4 d6 6. Nge2 Bg4 7. h3 Be6 8. 0-0 0-0 9. d3 Nbd7 10. Be3 Nb6 11. b3 d5 12. c5 d4 13. cxb6 dxe3 14. bxa7 exf2+ 15. Kh2 Bc5 16. Qc2 Bxa7 17. Nd1 Nh5 18. Nxf2 Bxf2 19. Rxf2 Qb6 20. Ng1 Rad8 21. Rd1 Nf6 22. Nf3 Qe3 23. Nxe5 Qh6 24. Qe2 Rd4 25. Rdf1 Rfd8 26. Rf4 Qh5 27. Qxh5 Nxh5 28. Nxf7 Bxf7 29. Rxf7 Rxd3 30. Rxb7 Rxg3 31. a4 h6 32. a5 Rd2 33. Rg1 Ra2 34. Kh1 Rxa5 35. Rc1 Rb5 36. Rxb5 cxb5 37. Rc5 Rxb3 38. Rxh5 b4 39. Rb5 Rb1+ 40. Kh2 b3 41. e5 Re1 42. Bd5+ Kh7 1-0

[Event "Gatwick e2e4 Major op"]
[Site "Gatwick"]
[Date "2013.10.27"]
[Round "3"]
[White "Carr, John W"]
[Black "Snook Lumb, Chris"]
[Result "0-1"]
[WhiteElo "1391"]
[BlackElo "1648"]
[PlyCount "66"]
[EventDate "2013.10.26"]
[EventType "swiss"]
[EventRounds "9"]
[EventCountry "ENG"]
[SourceTitle "EXT 2015"]
[Source "ChessBase"]
[SourceDate "2014.11.20"]
[SourceVersion "1"]
[SourceVersionDate "2014.11.20"]
[SourceQuality "1"]

1. Nf3 c5 2. c4 Nc6 3. Nc3 g6 4. g3 b6 5. Bg2 Bg7 6. 0-0 Bb7 7. d3 Nf6 8. Bd2 0-0 9. Qc1 Re8 10. e4 d6 11. Bh6 Bh8 12. Re1 a6 13. Qd2 Qc7 14. Nd5 Nxd5 15. exd5 Ne5 16. Nxe5 dxe5 17. Rad1 Qd6 18. Re2 b5 19. b3 Bc8 20. f3 Rb8 21. Ree1 e6 22. f4 exd5 23. fxe5 Bxe5 24. Rxe5 Qxe5 25. Bf4 Qd4+ 26. Kh1 Rb7 27. Bxd5 Rbe7 28. Be4 Bg4 29. Re1 Bf3+ 30. Bxf3 Rxe1+ 31. Kg2 h5 32. Be4 Rg1+ 33. Kh3 Qd7+ 0-1